La poesía metafísica de Quevedo/ (Registro nro. 13082)

Detalles MARC
000 -LIDER
fixed length control field 00740nam a22002297a 4500
003 - IDENTIFICACDOR DE NÚMERO DE CONTROL
control field DO-SdBNP
005 - DATE AND TIME OF LATEST TRANSACTION
control field 20240410135417.0
008 - ELEMENTOS DE LONGITUD FIJA
fixed length control field 171124b1973 sp 00| 0 spa d
020 ## - ISBN
International Standard Book Number 8425001552
040 ## - FUENTE DE CATALOGACIÓN
Agencia que crea de manera original el registro BPMSU
Idioma de catalogación spa
Agencia que realiza la transcripción BPMSU
082 #4 - NÚMERO DE CLASIFICACIÓN DECIMAL DE DEWEY
Classification number 861.3
Item number K29p 1973
Edition number 22
100 1# - ASIENTO PRINCIPAL -- NOMBRE PERSONAL
Nombre personal Navarro de Kelley, Emilia
Término de relación
245 13 - MENCIÓN DE TITULO
Título La poesía metafísica de Quevedo/
Mención de responsabilidad Emilia Navarro de Kelley
260 ## - PUBLICACIÓN, DISTRIBUCIÓN, ETC. (PIE DE IMPRENTA)
Lugar de publicación, distribución, etc Madrid :
Nombre del editor, distribuidor, etc. Ediciones Guadarrama,
Fecha de publicación, distribución, etc 1973
300 ## - DESCRIPCIÓN FÍSICA
Extensión 172 p. ;
Dimensiones 18 cm
590 ## - NOTA LOCAL
Texto de la nota local Inventariado, 2024/VM
600 14 - ENCABEZAMIENTO DE MATERIA--NOMBRE PERSONAL
Nombre personal Quevedo y Villegas, Francisco Gómez de,
Fechas asociadas con el nombre 1580-1645
Subdivisión temática general Crítica e interpretación
650 #4 - ENCABEZAMIENTO DE MATERIA--TEMÁTICO
Término temático o nombre geográfico como elemento de entrada Poesía española
650 #4 - ENCABEZAMIENTO DE MATERIA--TEMÁTICO
Término temático o nombre geográfico como elemento de entrada Metafísica
Subdivisión de forma Poesías
910 ## - VALIDACIÓN
Validación VMateo V. Control de calidad. BPMSU
942 ## - ADDED ENTRY ELEMENTS (KOHA)
Source of classification or shelving scheme Dewey Decimal Classification
Koha item type Libros
Existencias
Withdrawn status Lost status Source of classification or shelving scheme Damaged status Not for loan Collection code Home library Current library Date acquired Total Checkouts Full call number Barcode Date last seen Price effective from Koha item type
    Dewey Decimal Classification     Colección General Biblioteca Pública Metropolitana Salomé Ureña Biblioteca Pública Metropolitana Salomé Ureña 11/24/2017   BPMSU CG 861.3 K29p 1973 BPMSU17110416 11/24/2017 11/24/2017 Libros